[Event "Saarlouis op 6th"]
[Site "Saarlouis"]
[Date "2003.05.31"]
[Round "5"]
[White "Schefer, Waldemar"]
[Black "Kretschmer, Thomas"]
[Result "1/2-1/2"]
[WhiteElo "1753"]
[BlackElo "1900"]
[PlyCount "93"]
[EventDate "2003.05.??"]
[EventType "swiss"]
[EventRounds "7"]
[EventCountry "GER"]
[SourceTitle "EXT 2006"]
[Source "ChessBase"]
[SourceDate "2005.11.24"]
[SourceVersion "1"]
[SourceVersionDate "2005.11.24"]
[SourceQuality "1"]

1. d4 d5 2. Nf3 Nf6 3. Bf4 e6 4. e3 c5 5. c3 Nc6 6. Nbd2 Bd6 7. Ne5 Qc7 8. Ndf3 Nd7 9. Nxd7 Bxd7 10. Bxd6 Qxd6 11. Bd3 e5 12. dxe5 Nxe5 13. Nxe5 Qxe5 14. 0-0 0-0 15. Qf3 Bc6 16. Qf5 Qxf5 17. Bxf5 g6 18. Bg4 f5 19. Bf3 f4 20. c4 dxc4 21. Bxc6 bxc6 22. e4 Rab8 23. Rab1 Rfd8 24. Rfc1 Rd2 25. f3 Rbxb2 26. Rxb2 Rxb2 27. Rxc4 Rxa2 28. Rxc5 Ra6 29. g3 fxg3 30. hxg3 Kf7 31. Kf2 Ke6 32. e5 Rb6 33. f4 Kd7 34. Ra5 Rb7 35. Ke3 Rc7 36. Kd4 c5+ 37. Kc4 Ke6 38. g4 h5 39. Ra6+ Kf7 40. gxh5 gxh5 41. Rh6 Kg7 42. Rxh5 a5 43. f5 a4 44. Rh3 Ra7 45. Ra3 Ra5 46. Rg3+ Kf8 47. Ra3 1/2-1/2